| 000 | 00579nam a2200229 a 4500 | ||
|---|---|---|---|
| 999 |
_c6370 _d6370 |
||
| 001 | 6370 | ||
| 003 | BD-JhCC | ||
| 005 | 20180122125016.0 | ||
| 008 | 180122s19631964p |||| || | 000 0 eng d | ||
| 035 | _a(BD-JhCC)6370 | ||
| 040 |
_aBD-JhCC _dBD-JhCC |
||
| 041 | _aeng | ||
| 082 |
_a297.1227 _bAZI 1964 |
||
| 100 | _aAzizullah, Muhammad | ||
| 245 |
_aGlimpses of the Holy Qur'an / _cMuhammad Azizullah, |
||
| 250 | _a2nd ed. | ||
| 260 |
_aKarachi : _bShahid-E-Millat Road, _c1964. |
||
| 300 |
_a123 p. : _c24 cm. |
||
| 650 | _aAl-Quran | ||
| 942 |
_2ddc _cBK |
||